书目信息 |
| 题名: |
柴油发电机组并联运行的稳定性
|
|
| 作者: | 托尔申 著 ;田治喜 , 吴霞芳 译 | |
| 分册: | ||
| 出版信息: | 北京 国防工业出版社 1977 |
|
| 页数: | 208页 | |
| 开本: | 20cm | |
| 丛书名: | ||
| 单 册: | ||
| 中图分类: | TM314.6 | |
| 科图分类: | ||
| 主题词: | 内燃发电机-发电机运行-稳定性 | |
| 电子资源: | ||
| ISBN: | 15034.1482 | |
| 000 | 00803nam0 2200253 450 | |
| 001 | 0177003187 | |
| 005 | 20100712215303.0 | |
| 010 | @a15034.1482@dCNY0.84 | |
| 091 | @a15034.1482 | |
| 100 | @a19951011d1977 em y0chiy0110 ea | |
| 101 | 1 | @achi@crus |
| 102 | @aCN@b110000 | |
| 105 | @ay z 000yy | |
| 106 | @ar | |
| 200 | 1 | @a柴油发电机组并联运行的稳定性@9Chai You Fa Dian Ji Zu Bing Lian Yun Xing;Hang;Heng De;Di Wen Ding Xing @f(苏)B.И.托尔申著@g田治喜,吴霞芳译 |
| 210 | @a北京@c国防工业出版社@d1977 | |
| 215 | @a208页@d20cm | |
| 606 | 0 | @a内燃发电机-发电机运行-稳定性 |
| 690 | @aTM314.6@v3 | |
| 701 | 1 | @a托尔申@9tuo er shen@bВ.И.@4著 |
| 702 | 0 | @a田治喜@9tian zhi xi@4译 |
| 702 | 0 | @a吴霞芳@9wu xia fang@4译 |
| 801 | 0 | @aCN@bAzMarc@c20130904 |
| 905 | @aBZT@dTM314.6@e1@f2@sTM314.6/1 | |
| 柴油发电机组并联运行的稳定性/(苏)B.И.托尔申著/田治喜,吴霞芳译.-北京:国防工业出版社,1977 |
| 208页;20cm |
| ISBN 15034.1482:CNY0.84 |
| ● |
| 相关链接 |
|
|
|
正题名:柴油发电机组并联运行的稳定性
索取号:TM314.6/1
 
预约/预借
| 序号 | 登录号 | 条形码 | 馆藏地/架位号 | 状态 | 备注 |
| 1 | 2000118149 | 2000118149 | 旧书回溯/ [索取号:TM314.6/1] | 在馆 | |
| 2 | 2000118150 | 2000118150 | 旧书回溯/ [索取号:TM314.6/1] | 在馆 |